[Event "EU Union-ch U12"]
[Site "Kouty nad Desnou"]
[Date "2023.08.21"]
[Round "6"]
[White "Rudlof, Adam"]
[Black "Popzafirov, Danail"]
[Result "0-1"]
[WhiteElo "1641"]
[BlackElo "1885"]
[PlyCount "116"]
[EventDate "2023.08.16"]
[EventType "swiss"]
[EventRounds "9"]
[EventCountry "CZE"]
[SourceTitle "EXT 2024"]
[Source "ChessBase"]
[SourceDate "2023.10.10"]
[SourceVersion "1"]
[SourceVersionDate "2023.10.10"]
[SourceQuality "1"]

1. e4 c5 2. Nf3 e6 3. d4 cxd4 4. Nxd4 Nf6 5. Nc3 Nc6 6. Ndb5 d6 7. Bf4 e5 8. Bg5 a6 9. Na3 b5 10. Nd5 Be7 11. Bxf6 Bxf6 12. c3 Bg5 13. Nc2 Be6 14. a4 bxa4 15. Rxa4 0-0 16. Bc4 a5 17. Nce3 Rb8 18. b3 Bxe3 19. Nxe3 Qb6 20. Nd5 Qc5 21. 0-0 h6 22. Qd2 Rfd8 23. Re1 Bxd5 24. Qxd5 Rd7 25. Qxc5 dxc5 26. Bd5 Ne7 27. Rxa5 Nxd5 28. exd5 Rxd5 29. b4 Rbd8 30. Rxc5 Rxc5 31. bxc5 Rd5 32. f3 Rxc5 33. Rc1 Kf8 34. Kf2 Ke7 35. Ke3 Ke6 36. c4 Ra5 37. Rc2 Ra3+ 38. Kd2 Kd6 39. Ke2 Kc5 40. h3 Ra6 41. Ke3 f5 42. g4 Ra3+ 43. Ke2 e4 44. fxe4 fxe4 45. h4 Rh3 46. Rc1 Rxh4 47. g5 h5 48. Ke3 Rg4 49. Rh1 g6 50. Rc1 h4 51. Rc2 Rxg5 52. Kxe4 Rg3 53. Rh2 g5 54. Rc2 h3 55. Kf5 Rg2 56. Rc1 h2 57. Rh1 g4 58. Kf4 g3 0-1

[Event "EU Union-ch U12"]
[Site "Kouty nad Desnou"]
[Date "2023.08.20"]
[Round "5"]
[White "Popzafirov, Danail"]
[Black "Prochazka, Michal"]
[Result "1-0"]
[WhiteElo "1885"]
[BlackElo "1391"]
[PlyCount "55"]
[EventDate "2023.08.16"]
[EventType "swiss"]
[EventRounds "9"]
[EventCountry "CZE"]
[SourceTitle "EXT 2024"]
[Source "ChessBase"]
[SourceDate "2023.10.10"]
[SourceVersion "1"]
[SourceVersionDate "2023.10.10"]
[SourceQuality "1"]

1. e4 e6 2. d4 d5 3. Nc3 Nf6 4. e5 Nfd7 5. Nf3 c5 6. Ne2 Nc6 7. c3 Qb6 8. a3 c4 9. Qc2 Be7 10. g3 f6 11. exf6 Nxf6 12. Bg2 Bd7 13. Bg5 0-0-0 14. 0-0 h6 15. Bxf6 gxf6 16. Rae1 e5 17. Nh4 e4 18. Nf4 Be8 19. f3 exf3 20. Bxf3 Ne5 21. Kh1 Nxf3 22. Rxf3 Qc7 23. Ne6 Qd7 24. Nxd8 Qxd8 25. Rfe3 Bd6 26. Nf5 Bc7 27. Ng7 Bd7 28. Ne6 1-0

[Event "EU Union-ch U12"]
[Site "Kouty nad Desnou"]
[Date "2023.08.19"]
[Round "4"]
[White "Levchenko, Alisa"]
[Black "Popzafirov, Danail"]
[Result "0-1"]
[WhiteElo "1151"]
[BlackElo "1885"]
[PlyCount "132"]
[EventDate "2023.08.16"]
[EventType "swiss"]
[EventRounds "9"]
[EventCountry "CZE"]
[SourceTitle "EXT 2024"]
[Source "ChessBase"]
[SourceDate "2023.10.10"]
[SourceVersion "1"]
[SourceVersionDate "2023.10.10"]
[SourceQuality "1"]

1. d4 Nf6 2. c4 g6 3. Nf3 Bg7 4. g3 0-0 5. Bg2 d6 6. 0-0 c5 7. e3 Nc6 8. Nc3 Bg4 9. Qd2 Bh6 10. dxc5 dxc5 11. h3 Bxf3 12. Bxf3 Qc8 13. Bg2 Rd8 14. Qe2 Bg7 15. Bd2 e6 16. Rad1 Qc7 17. Nb5 Qb6 18. Bc3 Ne8 19. b3 a6 20. Bxg7 Kxg7 21. Qb2+ Kg8 22. Nc3 Qc7 23. Ne4 b6 24. Nf6+ Nxf6 25. Qxf6 Rxd1 26. Rxd1 Rd8 27. Rxd8+ Qxd8 28. Qxd8+ Nxd8 29. Kf1 Kf8 30. Ke2 Ke7 31. Kd3 Kd6 32. Ke4 f6 33. g4 Nc6 34. f4 Nb4 35. a4 Nc2 36. f5 exf5+ 37. gxf5 g5 38. Bf3 Nb4 39. Bg4 Na2 40. Kd3 Ke5 41. Kd2 Nb4 42. Bf3 Kxf5 43. Kc3 a5 44. Kd2 Na6 45. Bb7 Nc7 46. Kd3 Ke5 47. Be4 f5 48. Bc6 Ne6 49. Bd7 Nf8 50. Bc8 h5 51. Kd2 Nh7 52. Ke1 Nf6 53. Kf2 Ne4+ 54. Kf3 Nd6 55. Ba6 g4+ 56. hxg4 hxg4+ 57. Kf2 Ke4 58. Ke2 g3 59. Kf1 Kf3 60. e4 fxe4 61. Kg1 g2 62. Bb5 Nxb5 63. cxb5 e3 64. b4 e2 65. bxc5 e1Q+ 66. Kh2 Qh1# 0-1

[Event "BUL-ch U20"]
[Site "Sofia"]
[Date "2023.02.04"]
[Round "5"]
[White "Dankov, Boris"]
[Black "Popzafirov, Danail"]
[Result "1/2-1/2"]
[WhiteElo "1634"]
[BlackElo "1781"]
[PlyCount "100"]
[EventDate "2023.02.01"]
[EventType "swiss"]
[EventRounds "7"]
[EventCountry "BUL"]
[SourceTitle "CBM 212 Extra"]
[Source "ChessBase"]
[SourceDate "2023.03.31"]
[SourceVersion "1"]
[SourceVersionDate "2023.03.31"]
[SourceQuality "1"]

1. d4 Nf6 2. c4 g6 3. g3 Bg7 4. Bg2 0-0 5. Nc3 d6 6. Nf3 Nc6 7. 0-0 e5 8. e3 Bg4 9. h3 Bxf3 10. Bxf3 Qd7 11. Bg2 Nh5 12. g4 Nf6 13. b3 Rfe8 14. dxe5 Nxe5 15. Bb2 Nc6 16. a3 Rad8 17. Qc2 Na5 18. Rfd1 Qe7 19. Nd5 Nxd5 20. cxd5 Bxb2 21. Qxb2 Qe5 22. Qc2 b6 23. b4 Nb7 24. Qxc7 Re7 25. Qc4 Rdd7 26. Rac1 Nd8 27. Qd4 f6 28. Rc8 Kg7 29. Qxe5 fxe5 30. Rdc1 Nf7 31. a4 h6 32. Kf1 Ng5 33. h4 Nh7 34. f3 g5 35. h5 Nf6 36. e4 Ne8 37. Kf2 Kf7 38. Bf1 Rc7 39. Ke3 Rxc1 40. Rxc1 Rc7 41. Rc6 Rxc6 42. dxc6 Nc7 43. Bc4+ Kf6 44. Kd3 Ke7 45. Bg8 Kf6 46. Bh7 Kg7 47. Bf5 Kf6 48. Kc4 Ke7 49. b5 Kf6 50. a5 Ke7 1/2-1/2

[Event "BUL-ch U20"]
[Site "Sofia"]
[Date "2023.02.02"]
[Round "2"]
[White "Dokuzov, Nikolay"]
[Black "Popzafirov, Danail"]
[Result "1/2-1/2"]
[WhiteElo "1470"]
[BlackElo "1781"]
[PlyCount "82"]
[EventDate "2023.02.01"]
[EventType "swiss"]
[EventRounds "7"]
[EventCountry "BUL"]
[SourceTitle "CBM 212 Extra"]
[Source "ChessBase"]
[SourceDate "2023.03.31"]
[SourceVersion "1"]
[SourceVersionDate "2023.03.31"]
[SourceQuality "1"]

1. e4 c5 2. c3 Nf6 3. e5 Nd5 4. d4 cxd4 5. Nf3 e6 6. cxd4 Nc6 7. Bc4 d6 8. 0-0 Be7 9. Bxd5 exd5 10. Nc3 dxe5 11. Nxe5 0-0 12. Qb3 Nxd4 13. Qxd5 Ne2+ 14. Kh1 Nxc3 15. Qxd8 Rxd8 16. bxc3 Be6 17. Be3 Bf6 18. Bd4 Rac8 19. Rfd1 Bxe5 20. Bxe5 Rxd1+ 21. Rxd1 Bxa2 22. Ra1 Bc4 23. Rb1 Bd5 24. Rd1 Bc6 25. Bc7 f6 26. Rd8+ Rxd8 27. Bxd8 Kf7 28. Kg1 Ke6 29. f3 Kd5 30. Be7 Kc4 31. Bf8 g6 32. Bg7 Kxc3 33. Bxf6+ Kd3 34. Kf1 b5 35. Ke1 b4 36. Kd1 b3 37. Kc1 a5 38. Kb2 a4 39. h4 Ke2 40. g3 Bd5 41. f4 Kf3 1/2-1/2

[Event "BUL-ch U20"]
[Site "Sofia"]
[Date "2023.02.02"]
[Round "3"]
[White "Georgiev, Vasil G"]
[Black "Popzafirov, Danail"]
[Result "0-1"]
[WhiteElo "1510"]
[BlackElo "1781"]
[PlyCount "64"]
[EventDate "2023.02.01"]
[EventType "swiss"]
[EventRounds "7"]
[EventCountry "BUL"]
[SourceTitle "CBM 212 Extra"]
[Source "ChessBase"]
[SourceDate "2023.03.31"]
[SourceVersion "1"]
[SourceVersionDate "2023.03.31"]
[SourceQuality "1"]

1. e4 c5 2. Nf3 e6 3. d4 cxd4 4. Nxd4 Nf6 5. Nc3 Nc6 6. Be3 Bb4 7. Bd3 d5 8. exd5 Nxd5 9. Nxc6 bxc6 10. Bd2 Nxc3 11. Bxc3 Bxc3+ 12. bxc3 Qf6 13. Qd2 Qe5+ 14. Be2 Ba6 15. Qe3 Qxe3 16. fxe3 Bxe2 17. Kxe2 Rb8 18. Rab1 Ke7 19. Rb3 Rb6 20. Rhb1 Rhb8 21. Kf3 e5 22. g4 Ke6 23. Rb4 g6 24. e4 c5 25. R4b3 R8b7 26. h4 f5 27. exf5+ gxf5 28. Rxb6+ Rxb6 29. Rxb6+ axb6 30. gxf5+ Kxf5 31. a4 c4 32. Kg3 e4 0-1

[Event "BUL-ch U20"]
[Site "Sofia"]
[Date "2023.02.01"]
[Round "1"]
[White "Popzafirov, Danail"]
[Black "Mitev, Valentin"]
[Result "0-1"]
[WhiteElo "1781"]
[BlackElo "2219"]
[PlyCount "72"]
[EventDate "2023.02.01"]
[EventType "swiss"]
[EventRounds "7"]
[EventCountry "BUL"]
[SourceTitle "CBM 212 Extra"]
[Source "ChessBase"]
[SourceDate "2023.03.31"]
[SourceVersion "1"]
[SourceVersionDate "2023.03.31"]
[SourceQuality "1"]

1. e4 c5 2. Nf3 d6 3. d4 cxd4 4. Nxd4 Nf6 5. Nc3 Nc6 6. h3 e5 7. Nde2 h6 8. g4 Be7 9. Bg2 0-0 10. 0-0 a6 11. Be3 b5 12. a3 Rb8 13. Ng3 Na5 14. b3 Qc7 15. Qd2 Bd7 16. Ra2 Rbc8 17. Nd5 Nxd5 18. Qxd5 Bg5 19. Bxg5 hxg5 20. Qd2 f6 21. Nf5 Be6 22. Ne7+ Qxe7 23. Qxa5 Qb7 24. Rd1 Rfd8 25. a4 b4 26. Bf1 Qxe4 27. Qxa6 Bxg4 28. Rxd6 Rxd6 29. Qxd6 Bf5 30. a5 Qe1 31. Qd5+ Kh8 32. Qf7 Qd1 33. a6 Bxh3 34. Ra1 Qg4+ 35. Kh2 Bxf1 36. Rxf1 Rc3 0-1

[Event "Ohrid Lasker U20 op"]
[Site "Ohrid"]
[Date "2019.10.12"]
[Round "5"]
[White "Ivanov, Andrey4444"]
[Black "Popzafirov, Danail"]
[Result "0-1"]
[WhiteElo "1303"]
[BlackElo "1410"]
[PlyCount "56"]
[EventDate "2019.10.10"]
[EventType "swiss"]
[EventRounds "7"]
[EventCountry "MKD"]
[SourceTitle "CBM 192 Extra"]
[Source "Chessbase"]
[SourceDate "2019.11.06"]
[SourceVersion "1"]
[SourceVersionDate "2019.11.06"]
[SourceQuality "1"]

1. d4 Nf6 2. Bg5 h6 3. Bxf6 gxf6 4. e4 d6 5. f4 Bg7 6. Nf3 Bg4 7. Nbd2 e5 8. h3 Bxf3 9. Nxf3 Nd7 10. f5 h5 11. h4 Bh6 12. g3 Qe7 13. Bd3 exd4 14. Nxd4 Qe5 15. Ne2 Nc5 16. Bc4 Nxe4 17. Qd5 Qxd5 18. Bxd5 Nc5 19. b4 Nd7 20. Bxb7 Rb8 21. Bf3 Rxb4 22. Bxh5 Bd2+ 23. Kxd2 Rxh5 24. Rhf1 Rg4 25. Rab1 Nb6 26. Rb3 Kd7 27. Ra3 Nc4+ 28. Kc3 Nxa3 0-1

[Event "Ohrid Lasker U20 op"]
[Site "Ohrid"]
[Date "2019.10.10"]
[Round "1"]
[White "Popzafirov, Danail"]
[Black "Ajradinoska, Indzi"]
[Result "1-0"]
[WhiteElo "1410"]
[BlackElo "1086"]
[PlyCount "105"]
[EventDate "2019.10.10"]
[EventType "swiss"]
[EventRounds "7"]
[EventCountry "MKD"]
[SourceTitle "CBM 192 Extra"]
[Source "Chessbase"]
[SourceDate "2019.11.06"]
[SourceVersion "1"]
[SourceVersionDate "2019.11.06"]
[SourceQuality "1"]

1. e4 e5 2. Bc4 Nc6 3. Nf3 Nf6 4. d3 Bc5 5. c3 0-0 6. 0-0 d6 7. Nbd2 Bg4 8. h3 Bh5 9. Re1 h6 10. Nf1 Ne7 11. Ng3 Bg6 12. Nh4 Kh8 13. Qf3 Neg8 14. Nhf5 Nd7 15. a4 a6 16. Ba2 Qf6 17. Bd2 Bxf5 18. Nxf5 Rad8 19. Qg3 Qg6 20. Qf3 Qf6 21. Rad1 Ne7 22. Nxe7 Qxe7 23. Be3 Bxe3 24. Rxe3 Qf6 25. Qg4 Qg6 26. Qe2 Nf6 27. Rg3 Qh5 28. Qd2 g5 29. Rf3 Qg6 30. Qe3 b6 31. Bc4 a5 32. Re1 Nh5 33. g3 f5 34. exf5 Rxf5 35. Rxf5 Qxf5 36. g4 Qd7 37. gxh5 Rf8 38. b3 Qe8 39. Qe2 Qd7 40. Qg4 Qe8 41. Re4 Rf4 42. Rxf4 exf4 43. Qe6 Qxe6 44. Bxe6 Kg7 45. d4 Kf6 46. Bg4 Ke7 47. Kg2 Kf6 48. Kf3 Ke7 49. Ke4 c5 50. Kd5 cxd4 51. cxd4 Kd8 52. Kxd6 Ke8 53. Kc7 1-0

[Event "EU-ch U08"]
[Site "Bratislava"]
[Date "2019.08.10"]
[Round "9"]
[White "Popzafirov, Danail"]
[Black "Vasilkov, Nikolay"]
[Result "1-0"]
[WhiteElo "1440"]
[BlackElo "1371"]
[PlyCount "93"]
[EventDate "2019.08.02"]
[EventType "swiss"]
[EventRounds "9"]
[EventCountry "SVK"]
[SourceTitle "EXT 2020"]
[Source "ChessBase"]
[SourceDate "2019.10.17"]
[SourceVersion "1"]
[SourceVersionDate "2019.10.17"]
[SourceQuality "1"]

1. e4 c6 2. d4 d5 3. e5 Bf5 4. c3 e6 5. Bd3 Bg6 6. Nf3 Bxd3 7. Qxd3 Nd7 8. Bf4 Ne7 9. 0-0 Qc7 10. h3 h6 11. Bg3 Nf5 12. Nh2 0-0-0 13. Nd2 Be7 14. Ng4 Bg5 15. Nf3 Nxg3 16. fxg3 Be7 17. Nd2 f5 18. Nh2 g5 19. g4 f4 20. a4 c5 21. b3 Qb6 22. a5 Qc7 23. b4 c4 24. Qc2 Qc6 25. Rfb1 Qb5 26. Rb2 Nb8 27. Nb1 Qe8 28. b5 h5 29. Qe2 Qd7 30. Nd2 Qc7 31. Ra4 Kd7 32. gxh5 Rh6 33. Ng4 Rh7 34. Rb1 Rdh8 35. h6 Ke8 36. b6 axb6 37. Rxb6 Nc6 38. Nxc4 dxc4 39. Qxc4 Rxh6 40. Nxh6 Rxh6 41. Qb5 Kf7 42. Rxb7 Qc8 43. Rc4 Qh8 44. Rxc6 f3 45. Rxe7+ Kxe7 46. Qb7+ Kf8 47. Rc8# 1-0

[Event "Vevcani Lasker U20 op"]
[Site "Vevcani"]
[Date "2017.10.22"]
[Round "5"]
[White "Popzafirov, Danail"]
[Black "Nikolovski, Nikola Branko"]
[Result "0-1"]
[WhiteElo "1145"]
[BlackElo "1237"]
[PlyCount "88"]
[EventDate "2017.10.20"]
[EventType "swiss"]
[EventRounds "7"]
[EventCountry "MKD"]
[SourceTitle "CBM 181 Extra"]
[Source "ChessBase"]
[SourceDate "2017.12.12"]
[SourceVersion "1"]
[SourceVersionDate "2017.12.12"]
[SourceQuality "1"]

1. e4 c5 2. c3 Nf6 3. e5 Nd5 4. Nf3 Nc6 5. d4 cxd4 6. Nxd4 Nxe5 7. Qh5 d6 8. Bb5+ Bd7 9. Ne6 g6 10. Nxd8 gxh5 11. Bxd7+ Kxd7 12. Nxb7 Nd3+ 13. Ke2 Nxc1+ 14. Rxc1 Bh6 15. Rc2 a5 16. Na3 Ra7 17. Nc5+ dxc5 18. Rd1 Kc6 19. Nc4 f6 20. g3 e5 21. b4 axb4 22. cxb4 Nxb4 23. Rd6+ Kc7 24. Rb2 Rxa2 25. Rxa2 Nxa2 26. Rxf6 Bc1 27. Kd1 e4 28. Ra6 Nb4 29. Ra7+ Kb8 30. Ra5 Nd3 31. Nb6 Kc7 32. Na4 Rf8 33. Nc3 Rxf2 34. Ne2 Rxh2 35. Ra7+ Kd6 36. Rxh7 c4 37. Rh6+ Kd5 38. Nxc1 Nxc1 39. Kxc1 e3 40. Kd1 e2+ 41. Ke1 c3 42. g4 c2 43. Kd2 e1Q+ 44. Kxe1 c1Q# 0-1

[Event "Vevcani Lasker U20 op"]
[Site "Vevcani"]
[Date "2017.10.20"]
[Round "1"]
[White "Popzafirov, Danail"]
[Black "Terziev, Dimo"]
[Result "0-1"]
[WhiteElo "1145"]
[BlackElo "2019"]
[PlyCount "74"]
[EventDate "2017.10.20"]
[EventType "swiss"]
[EventRounds "7"]
[EventCountry "MKD"]
[SourceTitle "CBM 181 Extra"]
[Source "ChessBase"]
[SourceDate "2017.12.12"]
[SourceVersion "1"]
[SourceVersionDate "2017.12.12"]
[SourceQuality "1"]

1. e4 g6 2. g3 Bg7 3. Bg2 d6 4. Nf3 Nf6 5. d3 0-0 6. 0-0 e5 7. Nc3 Nc6 8. Be3 Ng4 9. h3 Nxe3 10. fxe3 Bh6 11. Qe2 Ne7 12. Rf2 f5 13. Nh2 fxe4 14. Rxf8+ Qxf8 15. Nxe4 Nf5 16. Ng4 Bg7 17. Rf1 Qe7 18. b3 Bd7 19. c4 Rf8 20. Kh2 h5 21. Ngf2 Bh6 22. Nd1 Bc6 23. g4 hxg4 24. Qxg4 Kg7 25. Qe2 Qh4 26. Qg4 Qe7 27. Rf3 Bd7 28. Ng3 Nh4 29. Nh5+ Kh7 30. Qg3 Nxf3+ 31. Bxf3 gxh5 32. Be4+ Bf5 33. Nf2 Bxe4 34. Nxe4 Qg7 35. Qe1 Rf3 36. a4 Bxe3 37. Qh4 Qg1# 0-1

[Event "Vitosha op U10 3rd"]
[Site "Vitosha"]
[Date "2017.07.01"]
[Round "1"]
[White "Georgiev, Konstantin1111"]
[Black "Popzafirov, Danail"]
[Result "1-0"]
[WhiteElo "1805"]
[BlackElo "1077"]
[PlyCount "29"]
[EventDate "2017.07.01"]
[EventType "swiss"]
[EventRounds "6"]
[EventCountry "BUL"]
[SourceTitle "CBM 179 Extra"]
[Source "ChessBase"]
[SourceDate "2017.08.23"]
[SourceVersion "1"]
[SourceVersionDate "2017.08.23"]
[SourceQuality "1"]

1. e4 e5 2. Nf3 Nc6 3. Bc4 Bc5 4. c3 Nf6 5. d4 exd4 6. cxd4 Bb4+ 7. Bd2 Nxe4 8. Bxb4 Nxb4 9. Bxf7+ Kxf7 10. Qb3+ d5 11. Ne5+ Ke8 12. Qxb4 Nxf2 13. Kxf2 Qh4+ 14. g3 Rf8+ 15. Qxf8+ 1-0